| 000 | 00688nam a2200253Ia 4500 | ||
|---|---|---|---|
| 003 | OSt | ||
| 005 | 20221005052406.0 | ||
| 006 | a|||||r|||| 00| 0 | ||
| 007 | ta | ||
| 008 | 221004b |||||||| |||| 00| 0 eng d | ||
| 024 | _a48670 | ||
| 037 | _cTextual | ||
| 040 |
_aCRL _cCRL _beng |
||
| 041 |
_2eng _aeng |
||
| 082 | _aT3, M5 | ||
| 100 |
_aGelpi Ettore _992713 |
||
| 245 | 0 | _aLife long education and international relations | |
| 260 |
_aLondon _bCroom helm _c1985 |
||
| 300 |
_a206p _ccm. |
||
| 490 | _a(Croomhelm in International adult education,1985) . | ||
| 650 | _aADULT EDUCATION | ||
| 942 |
_hT3, M5 _cTEXL _2cc |
||
| 999 |
_c960348 _d960348 |
||